<?xml version="1.0" encoding="UTF-8"?>
<record
    xmlns:xsi="http://www.w3.org/2001/XMLSchema-instance"
    xsi:schemaLocation="http://www.loc.gov/MARC21/slim http://www.loc.gov/standards/marcxml/schema/MARC21slim.xsd"
    xmlns="http://www.loc.gov/MARC21/slim">

  <leader>01127nam a2200253 a 4500</leader>
  <controlfield tag="001">BRCA_8346</controlfield>
  <controlfield tag="005">20190320210236.0</controlfield>
  <controlfield tag="008">150714m19471949sp-acb#f##---#001-0#spa-#</controlfield>
  <datafield tag="041" ind1=" " ind2=" ">
    <subfield code="a">spa</subfield>
  </datafield>
  <datafield tag="044" ind1=" " ind2=" ">
    <subfield code="a">sp</subfield>
  </datafield>
  <datafield tag="050" ind1=" " ind2="4">
    <subfield code="a">NK4123</subfield>
    <subfield code="b">.A77 1947</subfield>
  </datafield>
  <datafield tag="245" ind1="1" ind2="0">
    <subfield code="a">Ars Hispaniae</subfield>
    <subfield code="b">Historia Universal del Arte Hisp&#xE1;nico.</subfield>
  </datafield>
  <datafield tag="260" ind1=" " ind2=" ">
    <subfield code="a">Madrid</subfield>
    <subfield code="b">Plus-Ultra</subfield>
    <subfield code="c">1947-1949</subfield>
  </datafield>
  <datafield tag="300" ind1=" " ind2=" ">
    <subfield code="a">3 v.</subfield>
    <subfield code="b">il., l&#xE1;minas, mapas</subfield>
    <subfield code="c">28 cm.</subfield>
  </datafield>
  <datafield tag="500" ind1=" " ind2=" ">
    <subfield code="a">Los tres vol&#xFA;menes incluyen &#xED;ndice de ilustraciones, &#xED;ndice geogr&#xE1;fico y bibliograf&#xED;a</subfield>
  </datafield>
  <datafield tag="500" ind1=" " ind2=" ">
    <subfield code="a">Tres ejemplares consecutivos inventariados como un solo libro por el Banco de M&#xE9;xico</subfield>
  </datafield>
  <datafield tag="500" ind1=" " ind2=" ">
    <subfield code="a">R74</subfield>
  </datafield>
  <datafield tag="505" ind1="0" ind2=" ">
    <subfield code="a">v.2 Arte Romano / Blas Taracena ; Arte Paleocristiano / Pedro Batlle Huguet ; Arte Visigodo. Arte Asturiano / Helmut Schlunk.-- v.4 Arte Almohade. Arte Nazar&#xED;. Arte Mud&#xE9;jar / Leopoldo Torres Balb&#xE1;s.-- v.5 Arquitectura y escultura rom&#xE1;nicas / Jos&#xE9; Gudiol Ricart y Juan Antonio Gaya Nu&#xF1;o</subfield>
  </datafield>
  <datafield tag="650" ind1="1" ind2="4">
    <subfield code="a">Arte espa&#xF1;ol</subfield>
    <subfield code="x">Historia</subfield>
    <subfield code="9">20891</subfield>
  </datafield>
  <datafield tag="650" ind1="1" ind2="4">
    <subfield code="a">Arte espa&#xF1;ol</subfield>
    <subfield code="v">Enciclopedias</subfield>
    <subfield code="9">20892</subfield>
  </datafield>
  <datafield tag="651" ind1=" " ind2="4">
    <subfield code="a">Espa&#xF1;a</subfield>
    <subfield code="x">Historia del arte</subfield>
    <subfield code="9">20893</subfield>
  </datafield>
  <datafield tag="902" ind1=" " ind2=" ">
    <subfield code="a">GFM</subfield>
  </datafield>
  <datafield tag="942" ind1=" " ind2=" ">
    <subfield code="2">lcc</subfield>
    <subfield code="c">B</subfield>
  </datafield>
  <datafield tag="999" ind1=" " ind2=" ">
    <subfield code="c">8014</subfield>
    <subfield code="d">8014</subfield>
  </datafield>
  <datafield tag="952" ind1=" " ind2=" ">
    <subfield code="0">0</subfield>
    <subfield code="1">0</subfield>
    <subfield code="4">0</subfield>
    <subfield code="7">0</subfield>
    <subfield code="a">BRCA</subfield>
    <subfield code="b">BRCA</subfield>
    <subfield code="d">2014-07-15</subfield>
    <subfield code="i">R74</subfield>
    <subfield code="l">0</subfield>
    <subfield code="o">NK4123 .A77 1947 (R74)</subfield>
    <subfield code="p">8970</subfield>
    <subfield code="r">2019-03-22 00:00:00</subfield>
    <subfield code="w">2019-03-22</subfield>
    <subfield code="y">B</subfield>
  </datafield>
</record>
